000
00309nam a2200097Ia 4500
082
_a
ST 613.7 GAMB
245
0
_a
South Africa's magnifying glass : a profile of Gauteng province
100
_a
Kok, Pieter Pretoria, South Africa, 1998
_9
81822
942
_c
BK
008
210817s9999 xx 000 0 und d
999
_c
293424
_d
293423